Metal Songs by Lyrics - Statistics

General Stats
  • This quiz has been taken 63 times
  • The average score is 11 of 30
Answer Stats
Lyrics Answer % Correct
Father into your hands / Why have you forsaken me? / In your eyes, forsaken me? Chop Suey!
75%
Slipknot
74%
System Of A Down
72%
I push my fingers into my eyes / It's the only thing that slowly stops the ache Duality
66%
Limp Bizkit
62%
Take me down / To the ____ / Where the grass is green / And the girls are pretty Paradise City
62%
It's all about the he says she says bullshit / I think you better quit / Talkin that shit Break Stuff
58%
Guns 'n Roses
58%
Papa Roach
49%
Rage Against The Machine
49%
Cuz I`m losing my sight / Losing my mind / Wish somebody would tell me I`m fine Last Resort
47%
Dio
45%
Ride the tiger / You can see his stripes but you know he's clean / Oh don't you see what I mean Holy Diver
45%
Those who died are justified, for wearing the badge, they’re the chosen whites / You justify those that died by wearing the badge, they’re the chosen whites Killing In the Name
43%
Korn
43%
Judas Priest
28%
Beating me down / Beating me, beating me / Down, down, Into the ground / Screaming some sound Falling Away From Me
25%
Chromium plated boiling metal / Brighter than a thousand suns Painkiller
25%
Pantera
19%
Volbeat
19%
Showdown, shootout, spread fear within, without / We're gonna take what's ours to have Cowboys From Hell
17%
Iron Maiden
17%
Scorpions
15%
Counting all the assholes in the room / Well I'm definitely not alone, well I'm not alone / You're a liar, you're a cheater, you're fool Still Counting
15%
Accept
9%
Watch the damned (god bless ya) / They're gonna break their chains (hey) / You can't stop them (god bless ya) / They're coming to get you Balls To The Wall
9%
If we'd go again / All the way from the start / I would try to change / The things that killed our love Still Loving You
9%
Obituary
8%
Feel the blood spill from your mouth / With rotting ways comes destiny / Feel the soul taking over, bleed! Chopped In Half
6%
You walk through the subway, / His eyes burn a hole in your back. / A footstep behind you, / He lunges prepared for attack. Killers
4%
No matching quizzes found
Score Distribution
Percent of People with Each Score
Percentile by Number Answered
Your Score History
You have not taken this quiz